000
00333 a2200157 4500
001
182867
020
_a
040
_c
Magnum
100
_a
Vieira, Thereza Freire
240
1
0
_a
Um ursinho chamado Bilu
_l
por
245
1
0
_a
Um ursinho chamado Bilu
300
_a
95
362
0
_a
1996
697
_a
LITERATURA GERAL
942
_c
BK
999
_c
182867
_d
182867